NBA Draft top picks who never made the All-Star team - Statistics

General Stats
  • This quiz has been taken 262 times
  • The average score is 6 of 18
Answer Stats
Draft Year Answer % Correct
2013 Anthony Bennett
78%
2014 Andrew Wiggins
73%
2007 Greg Oden
67%
2015 Karl-Anthony Towns
63%
2001 Kwame Brown
59%
2005 Andrew Bogut
56%
2006 Andrea Bargnani
49%
1995 Joe Smith
38%
1998 Michael Olowokandi
38%
1989 Pervis Ellison
20%
1972 LaRue Martin
19%
1978 Mychal Thompson
13%
1977 Kent Benson
6%
1962 Bill McGill
3%
1976 John Lucas II
3%
1963 Art Heyman
2%
1965 Fred Hetzel
2%
1964 Jim Barnes
2%
No matching quizzes found
Score Distribution
Percent of People with Each Score
Percentile by Number Answered
Your Score History
You have not taken this quiz